005380000a220009700045001000023000002450057000233000049000805000033001295200233001627730045003951 aGaray, Juan Carlos10aEl rockero se nos puso triste : Nuevo disco de Sting aVol.0, núm.13 (Octubre, 2006), Página 40 aCrítico musical de Semana. aEl cantante británico se lanza al ruedo con un disco que recupera la figura del compositor renacentista John Dowland. ¿Logrará resonancia un disco de canciones tristes en estos tiempos en los que sólo la alegría vende?0 tArcadia / Andrés Felipe Solano, Editor